| 000 | 00524nam a2200169Ia 4500 | ||
|---|---|---|---|
| 008 | 090201s9999 xx 000 0 und d | ||
| 010 | _aKPL-60504 | ||
| 040 | _bमराठी | ||
| 041 | _aमराठी | ||
| 082 |
_a2166 _b60504 |
||
| 100 | _aदीपक अ. कुळकर्णी | ||
| 245 |
_aआभासवेळ _cदीपक अ. कुळकर्णी |
||
| 260 |
_c2004 _bनीहारा प्रकाशन |
||
| 300 |
_a72 _bमोठा |
||
| 600 | _aआभासवेळ | ||
| 942 | _cBOOK | ||
| 999 |
_c203252 _d203252 |
||